Logistika ako nástroj zvyšovania konkurencieschopnosti firmy

Vplyv logistiky na konkurencieschopnosť firmy. Konkurenčné výhody spojené s rastom globalizácie a inovácií začínajú postupne strácať svoju originalitu a do popredia sa dostávajú nové konkurenčné výhody – flexibilita, skracovanie dodacej lehoty, spoľahlivé a kvalitné dodávky a možnosti výberu. Schopn...

Descrizione completa

Salvato in:
Dettagli Bibliografici
Autore principale: Lazový, Pavol
Natura: Capitolo di libro
Lingua:slovacco
Soggetti:
Tags: Aggiungi Tag
Nessun Tag, puoi essere il primo ad aggiungerne!!

MARC

LEADER 00000nla$a2200000$$$4500
001 0093922
005 20240502083237.5
041 0 |a slo 
044 |a CZ 
245 1 0 |a Logistika ako nástroj zvyšovania konkurencieschopnosti firmy  |c Pavol Lazový 
520 |a Vplyv logistiky na konkurencieschopnosť firmy. Konkurenčné výhody spojené s rastom globalizácie a inovácií začínajú postupne strácať svoju originalitu a do popredia sa dostávajú nové konkurenčné výhody – flexibilita, skracovanie dodacej lehoty, spoľahlivé a kvalitné dodávky a možnosti výberu. Schopnosť výrobcov prepojiť individuálne spotrebiteľské preferencie s vlastným výrobným procesom a systémom plánovania sa stáva rozhodujúcim faktorom konkurencieschopnosti. Konkurencieschopnosť podľa Portera. Zákaznícky orientovaná úloha logistiky. 
610 2 0 |a konkurencieschopnosť 
610 2 0 |a logistika 
610 2 0 |a náklady 
610 2 0 |a produktivita 
610 2 0 |a reťazce logistické 
100 1 |a Lazový, Pavol